| 000 | 01638cad a22003615a 4500 | ||
|---|---|---|---|
| 001 | L145292 | ||
| 008 | 080924s2008 xxk f 000 0 eng d | ||
| 035 | _a(Sirsi) u145292 | ||
| 041 | 0 | _aeng | |
| 050 | 0 | 4 | _a333.73 $2 22 |
| 100 | 1 | _aLorenz, David | |
| 245 | 0 | 0 |
_aSustainable property investment and management _bkey issues and major challenges |
| 260 |
_aLondon _bRICS _c2008 |
||
| 520 | _aConsiders why it is important to have sustainable buildings and why the refurbishment of the exisiting stock must be a priority. Defines sustainable property investment and discusses the role of location in creating sustainable property markets, and why sustainable construction is not yet mainstream. Argues that the valuation profession has a central role to play and concludes that the vicious circle of blame needs to be turned into loops of feedback and adaption if sustainability is to work. | ||
| 590 | _aKA NTK | ||
| 651 | 4 | _aEurope | |
| 690 | _aPROPERTY-PROPERTY DEVELOPMENT-SUSTAINABLE PROPERTY DEVELOPMENT | ||
| 700 | 1 | _ad'Amato, Maurizio | |
| 700 | 1 | _aRosiers Des, Francois | |
| 700 | 1 | _aElder, Ben | |
| 700 | 1 | _aGenne van, Frank | |
| 700 | 1 | _aHartenberger, Ursula | |
| 700 | 1 | _aHill, Stephen | |
| 700 | 1 | _aJones, Ken | |
| 700 | 1 | _aKauko, Tom | |
| 700 | 1 | _aKauko, Tom | |
| 700 | 1 | _aLorch, Richard | |
| 700 | 1 | _aLutzkendorf, Thomas | |
| 700 | 1 | _aPercy, Jerry | |
| 710 | 1 |
_aRoyal Institution of Chartered Surveyors _bEU Public Affairs _95615 |
|
| 856 | 4 | 8 |
_uhttps://www.rics.org/Global/Downloads/SustainablePropertyInvestmentManagement2008.pdf _zView the item free of charge at www.rics.org... |
| 942 | _n0 | ||
| 999 |
_c108743 _d108743 |
||